| 000 | 00912nam a22002057a 4500 | ||
|---|---|---|---|
| 999 |
_c8732 _d8732 |
||
| 003 | AR-CdUCM | ||
| 008 | 190325b ||||| |||| 00| 0 spa d | ||
| 040 |
_aMUNICIPALIDAD PROVINCIAL DEL CUSCO _cBIBLIOTECA MUNICIPAL DEL CUSCO |
||
| 082 |
_a030 / _bQ46 |
||
| 110 |
_aAristides Quillet S.A. _924374 |
||
| 245 | _aEnciclopedia de la Construccion / | ||
| 260 |
_aArgentina : _bArgentina Aristides Quillet S.A. , _c1954. |
||
| 440 |
_aEnciclopedia de la Construccion _nI , II , III , IV _924375 |
||
| 505 | _aContenido : TOMO I : Exigencias Funcionales, Exigencias Esteticas, Exigencias Especificas, Urbanismo,Tecnicas del Arquitecto -- TOMO II : Tecnicas del Constructor -- TOMO III : Costruccion -- TOMO IV : Ingenieria Civil... | ||
| 650 |
_aIngenieria Civil _919181 |
||
| 650 |
_aIngenieria de la Construccion _924376 |
||
| 650 |
_aConstruccion e Infraestructura _924377 |
||
| 942 |
_2ddc _cLIBROS |
||
| 945 | _artm | ||